بحوث و دراسات في إستراتيجية التنمية الزراعية / (رقم التسجيلة. 81509)

تفاصيل مارك
000 -LEADER
fixed length control field 00547nam a22001697a 4500
005 - DATE AND TIME OF LATEST TRANSACTION
control field 20251108172524.0
008 - FIXED-LENGTH DATA ELEMENTS--GENERAL INFORMATION
fixed length control field 250721s9999 xx 000 0 ara d
082 14 - DEWEY DECIMAL CLASSIFICATION NUMBER
Classification number 338.9خير
100 1# - MAIN ENTRY--PERSONAL NAME
Personal name أبو الخير، كمال حمدي
245 10 - TITLE STATEMENT
Title بحوث و دراسات في إستراتيجية التنمية الزراعية /
264 1# - PRODUCTION, PUBLICATION, DISTRIBUTION, MANUFACTURE, AND COPYRIGHT NOTICE
Place of production, publication, distribution, manufacture القاهرة :
Name of producer, publisher, distributor, manufacturer مكتبة عين شمس،
300 ## - PHYSICAL DESCRIPTION
Extent 621ص
650 17 - SUBJECT ADDED ENTRY--TOPICAL TERM
Topical term or geographic name as entry element التنمية الزراعية
650 17 - SUBJECT ADDED ENTRY--TOPICAL TERM
Topical term or geographic name as entry element الإقتصاد الزراعي
942 ## - ADDED ENTRY ELEMENTS (KOHA)
Source of classification or shelving scheme Dewey Decimal Classification
Koha item type كتب
المقتنيات
حالة السحب حالة الفقدان مصدر التصنيف حالة التلف غير قابل للإعارة المكتبة الرئيسية المكتبة الحالية موقع الرف تاريخ التزويد الرقم المتسلسل Total Checkouts رقم الإستدعاء تاريخ آخر ظهور تاريخ الفاتورة نوع المادة (كوها)
    Dewey Decimal Classification Unchecked   مكتبة الحسن العامة مكتبة الحسن العامة الإعارة 28/07/2025 590369   338.9خير 28/07/2025 28/07/2025 كتب
Implemented & Customized by: BBB with SCIT (Smart Chains for Information Technology)

Powered by Koha